Principles of extractive metallurgy. volume 4: amalgam and electrometallurgy.
Saved in:
| Main Author: | |
|---|---|
| Format: | Book |
| Language: | English |
| Published: |
Quebec, Canada:
Métallurgie Extractive Québec,
1998
|
| Subjects: | |
| Tags: |
Add Tag
No Tags, Be the first to tag this record!
|
MARC
| LEADER | 00000cam a2200000 a 4500 | ||
|---|---|---|---|
| 001 | UCO9548 | ||
| 003 | CL-VaPUC | ||
| 005 | 20220429124704.0 | ||
| 008 | 010302e19980000CN |||||||||||||||||eng|d | ||
| 999 | |c 293750 |d 293748 | ||
| 020 | |a 2980324752 | ||
| 040 | |c Pontificia Universidad Católica de Valparaíso | ||
| 082 | 0 | 4 | |a 669.0284 |b HAB |2 21 |
| 100 | |a Habashi, Fathi |e author |9 622016 | ||
| 245 | 1 | 0 | |a Principles of extractive metallurgy. |b volume 4: amalgam and electrometallurgy. |
| 260 | |a Quebec, Canada: |b Métallurgie Extractive Québec, |c 1998 | ||
| 300 | |a xii, 368 páginas. | ||
| 583 | |a last modification |c 20130620 02:36:05 |k Rodrigo Vera | ||
| 650 | 0 | |a Metalurgia |9 263720 | |
| 650 | 0 | |a Electrometalurgia |2 CL-VaPUC |9 263654 | |
| 650 | 0 | |a Amalgamas |2 CL-VaPUC |9 454815 | |
| 942 | |c BK |2 ddc | ||
| 945 | |d 20010302 00:00:00 |a cmena | ||
| 952 | |0 0 |1 0 |4 0 |6 669_028400000000000_HAB_1998 |7 0 |8 P |9 345458 |a BIBING |b BIBING |d 2019-11-20 |i 3682498 |o 669.0284 HAB 1998 |p 3682498 |r 2025-01-20 |w 2019-11-20 |y BK |k ING | ||
| 952 | |0 0 |1 0 |4 0 |6 669_028400000000000_HAB_1998 |7 0 |8 P |9 345459 |a BIBING |b BIBING |d 2019-11-20 |h v.4 |i 4981685 |o 669.0284 HAB 1998 |p 4981685 |r 2025-01-20 |w 2019-11-20 |y BK |k EIQ | ||
| 952 | |0 0 |1 0 |2 ddc |3 erd |4 0 |6 669_028400000000000_HAB_1998 |7 0 |8 A |9 491757 |a BIBING |b BIBING |h v.4 |i 5527198 |o 669.0284 HAB 1998 |p 5527198 |r 2025-01-20 |w 2019-11-24 |y BK |z Catalogado en:20181227 |k EIQ | ||